000 00260nam a22001217a 4500
008 170627b xxu||||| |||| 00| 0 eng d
041 _aeng
080 _a94
100 _a18
101 _aSHH
245 _aMARXISM AND BEYONG
_cALLANHELD.R
942 _2udc
_cBK
999 _c19163
_d19163